It looks like you're offline.
Open Library logo
additional options menu

MARC Record from Scriblio

Record ID marc_records_scriblio_net/part24.dat:48143208:1085
Source Scriblio
Download Link /show-records/marc_records_scriblio_net/part24.dat:48143208:1085?format=raw

LEADER: 01085pam 2200277 a 4500
001 94010176
003 DLC
005 20051116141243.0
008 940309s1994 ohua j 000 1 eng
010 $a 94010176
020 $a0784701881 :$c$12.99
040 $aDLC$cDLC$dDLC
042 $alcac
050 00 $aPZ7.H26725$bWg 1994
082 00 $a[E]$220
100 1 $aHartman, Bob,$d1955-
245 10 $aWho brought the bread? :$ba Bible mystery /$cby Bob Hartman.
260 $aCincinnati, Ohio :$bStandard Pub. Co.,$cc1994.
300 $a1 v. (unpaged) :$bcol. ill. ;$c26 cm.
520 $aThe best baker in Bethsaida wants to know where Jesus got the five loaves of bread He is distributing, along with two fish, to the crowd of people who came to hear Him speak. The answer surprises her.
600 00 $aJesus Christ$xMiracles$vJuvenile fiction.
650 0 $aFeeding of the five thousand (Miracle)$vJuvenile fiction.
600 01 $aJesus Christ$xMiracles$vFiction.
650 1 $aFeeding of the five thousand (Miracle)$vFiction.
650 1 $aBakers$vFiction.
650 1 $aBread$vFiction.